| 000 | 00320nam a22001337a 4500 | ||
|---|---|---|---|
| 020 | _a9690004824 | ||
| 040 | _cNust | ||
| 082 |
_a297 _bMAZ |
||
| 100 |
_aMazhar Ansari Dehlvi _9124852 |
||
| 245 | _aAlla Uddin Khilji | ||
| 260 |
_aLahore: _bFeroz Sons, _c2010. |
||
| 650 |
_aAlla Uddin Khilji _9124853 |
||
| 942 |
_2ddc _cBK |
||
| 999 |
_c610636 _d610636 |
||